| 000 | 01744nam a2200433 c 4500 | ||
|---|---|---|---|
| 001 | 6061 | ||
| 003 | ES-MaCES | ||
| 005 | 20150925133406.0 | ||
| 008 | 971119s1993 be d ||| | spa d | ||
| 017 |
_aM-35921-1993 _bDL |
||
| 020 | _a8459933423 | ||
| 035 | _aCES19980061119m | ||
| 040 |
_aES-MaCES _bspa _cES-MaCES |
||
| 041 | 1 |
_aspa _heng |
|
| 100 | 1 |
_aStahl, Thomas _924386 |
|
| 245 | 1 | 3 |
_aLa organización autocualificante _b: una visión del desarrollo de los recursos humanos _cpor Thomas Stahl, Barry Nyhan y Piera D'Aloja ; [traducción y fotocomposición, CELER, Servicio Técnico de Traducciones] |
| 260 |
_aBruselas _bOficina de Asistencia Técnica de EUROTECNET _cD.L. 1993 |
||
| 300 |
_a106 p. _bgráf. _c24 cm |
||
| 500 | _aTraducción de: The learning organization | ||
| 500 | _aTit. de la cub. y del lomo: La organización cualificante | ||
| 500 | _aEn la cub., además: Eduación, Formación, Juventud ; Comisión de las Comunidades Europeas | ||
| 504 | _aBibliografía | ||
| 541 | _cGratuito | ||
| 650 | 4 |
_aadministración de recursos humanos _930474 |
|
| 650 | 4 |
_aconducta organizacional _930098 |
|
| 650 | 4 |
_aevaluación de tareas _928314 |
|
| 650 | 4 |
_acalificación profesional _928319 |
|
| 650 | 4 |
_aaprendizaje _927362 |
|
| 650 | 4 |
_aformación en la empresa _927452 |
|
| 653 | 1 | 0 | _aCiencias Empresariales |
| 650 | 4 |
_928178 _aempresa |
|
| 700 | 1 |
_aNyhan, Barry _919798 |
|
| 700 | 1 |
_aD'Aloja, Piera _910311 |
|
| 710 | 2 |
_aEUROTECNET _bOficina de Asistencia Técnica _eed. _93517 |
|
| 710 | 2 |
_aComisión de las Comunidades Europeas _b'Task Force' Recursos Humanos, Educación, Formación y Juventud _92017 |
|
| 902 | _aLIB Libro | ||
| 942 |
_2CES _cBK _h7.0. |
||
| 999 |
_c6061 _d6061 |
||